| 000 | 00799cam a2200217 4500 | ||
|---|---|---|---|
| 001 | X113639 | ||
| 008 | 010712n2001 000 0 eng u | ||
| 035 | _a(Sirsi) u113639 | ||
| 100 | _aClark, D. | ||
| 245 | _aMonte Carlo analysis: ten years of experience | ||
| 260 | _c2001 | ||
| 490 |
_aCost Engineering _v43(6) June 2001, 40-45(6) |
||
| 520 | _aUses actual project data from 19 projects to demonstrate the validity and effectiveness of the Monte Carlo analysis (MCA) in identifying project risks and opportunities and quantifying contingency. Tables, graphs, references. | ||
| 650 | _aCOST ENGINEERING | ||
| 650 | _aMONTE CARLO METHOD | ||
| 650 | _aMONTE CARLO SIMULATION | ||
| 650 | _aRISK ANALYSIS | ||
| 650 | _aRISK ASSESSMENT | ||
| 690 |
_aProject management _96261 |
||
| 942 | _n0 | ||
| 999 |
_c67714 _d67714 |
||